10 longest rivers in the world 2024 - Statistics

General Stats
  • This quiz has been taken 66 times
  • The average score is 7 of 10
Answer Stats
Answer % Correct
Amazon
100%
Nile
100%
Mississippi
86%
Yellow
81%
Congo
74%
Yangtze
69%
Ob
50%
Amur
45%
Yenisey
24%
Rio De La Plata
21%
No matching quizzes found
Score Distribution
Percent of People with Each Score
Percentile by Number Answered
Your Score History
You have not taken this quiz